000 00190 a2200097 4500
020 _a9781512453904
041 _aspa
100 _aElle Parkes
245 _aQue vivan los Maestros
942 _cK
999 _c27524
_d27524